[Event "Greek Team Championship"]
[Site "chess24.com"]
[Date "2017.07.04"]
[Round "3"]
[White "Iskos, Alexandros"]
[Black "Papadimitrakis, Georgios"]
[Result "1-0"]
[Board "3"]
[WhiteElo "2169"]
[WhiteCountry "GRE"]
[WhiteFideId "4208676"]
[WhiteEloChange "2"]
[BlackElo "1358"]
[BlackCountry "GRE"]
[BlackFideId "4286065"]
[BlackEloChange "-2"]

1. c4 {[%clk 1:30:57]} Nf6 {[%clk 1:30:53]} 2. Nc3 {[%clk 1:31:23]} c5 {[%clk
1:31:13]} 3. g3 {[%clk 1:31:40]} g6 {[%clk 1:31:28]} 4. Bg2 {[%clk 1:32:06]} Bg7
{[%clk 1:31:54]} 5. e4 {[%clk 1:31:26]} Nc6 {[%clk 1:31:48]} 6. Nge2 {[%clk
1:31:42]} d6 {[%clk 1:31:04]} 7. O-O {[%clk 1:28:45]} O-O {[%clk 1:29:22]} 8. d3
{[%clk 1:27:43]} Bg4 {[%clk 1:28:37]} 9. h3 {[%clk 1:22:46]} Bd7 {[%clk 1:27:26]}
10. Be3 {[%clk 1:22:30]} a6 {[%clk 1:22:16]} 11. Qd2 {[%clk 1:21:54]} Re8 {[%clk
1:21:36]} 12. f4 {[%clk 1:19:19]} e5 {[%clk 1:20:24]} 13. f5 {[%clk 1:16:41]} Nd4
{[%clk 1:19:32]} 14. g4 {[%clk 1:16:00]} Nxe2+ {[%clk 1:16:28]} 15. Nxe2 {[%clk
1:13:52]} h5 {[%clk 1:03:42]} 16. Bg5 {[%clk 1:13:17]} hxg4 {[%clk 1:01:47]} 17.
hxg4 {[%clk 1:13:32]} Qe7 {[%clk 0:57:20]} 18. Nc3 {[%clk 1:08:24]} Bc6 {[%clk
0:56:38]} 19. Qe1 {[%clk 1:03:43]} Rf8 {[%clk 0:38:16]} 20. Qh4 {[%clk 1:02:47]}
b5 {[%clk 0:13:39]} 21. Rf3 {[%clk 1:01:24]} bxc4 {[%clk 0:12:13]} 22. dxc4
{[%clk 1:00:55]} Rab8 {[%clk 0:11:15]} 23. b3 {[%clk 0:59:32]} Rb7 {[%clk
0:10:26]} 24. Raf1 {[%clk 0:58:43]} d5 {[%clk 0:04:12]} 25. exd5 {[%clk 0:54:05]}
Bd7 {[%clk 0:03:58]} 26. fxg6 {[%clk 0:50:01]} fxg6 {[%clk 0:03:59]} 27. Bxf6
{[%clk 0:50:02]} Rxf6 {[%clk 0:03:55]} 28. Rxf6 {[%clk 0:50:23]} Rb6 {[%clk
0:04:20]} 29. Ne4 {[%clk 0:48:06]} Bxf6 {[%clk 0:04:09]} 30. Nxf6+ {[%clk
0:48:25]} Rxf6 {[%clk 0:03:58]} 31. Qxf6 {[%clk 0:48:45]} Qxf6 {[%clk 0:04:05]}
32. Rxf6 {[%clk 0:49:10]} Kg7 {[%clk 0:04:30]} 33. g5 {[%clk 0:49:12]} Bf5 {[%clk
0:04:42]} 34. Rxa6 {[%clk 0:49:31]} e4 {[%clk 0:05:07]} 35. Ra7+ {[%clk 0:49:43]}
1-0

[Event "Greek Team Championship"]
[Site "chess24.com"]
[Date "2017.07.04"]
[Round "3"]
[White "Amiridou, Dimitra"]
[Black "Markaki, Sofia"]
[Result "0-1"]
[Board "5"]
[WhiteElo "1803"]
[WhiteCountry "GRE"]
[WhiteFideId "4218230"]
[WhiteEloChange "-14"]
[BlackElo "1670"]
[BlackCountry "GRE"]
[BlackFideId "4248848"]
[BlackEloChange "14"]

1. e4 {[%clk 1:30:56]} c5 {[%clk 1:30:56]} 2. Nf3 {[%clk 1:31:14]} d6 {[%clk
1:31:19]} 3. c3 {[%clk 1:31:28]} Nf6 {[%clk 1:31:43]} 4. Bd3 {[%clk 1:31:38]} Nc6
{[%clk 1:31:51]} 5. Bc2 {[%clk 1:31:25]} Bg4 {[%clk 1:32:05]} 6. d3 {[%clk
1:30:58]} e6 {[%clk 1:30:41]} 7. Nbd2 {[%clk 1:29:15]} Be7 {[%clk 1:30:37]} 8.
Nf1 {[%clk 1:22:38]} d5 {[%clk 1:27:49]} 9. h3 {[%clk 1:17:56]} Bh5 {[%clk
1:21:30]} 10. Qe2 {[%clk 1:05:50]} dxe4 {[%clk 0:56:00]} 11. dxe4 {[%clk
1:06:02]} Qb6 {[%clk 0:54:35]} 12. Ne3 {[%clk 0:55:46]} O-O {[%clk 0:34:48]} 13.
g4 {[%clk 0:31:28]} Bg6 {[%clk 0:35:07]} 14. h4 {[%clk 0:31:18]} h5 {[%clk
0:22:38]} 15. e5 {[%clk 0:21:07]} Nd7 {[%clk 0:15:09]} 16. Nc4 {[%clk 0:13:50]}
Qc7 {[%clk 0:15:30]} 17. Bf4 {[%clk 0:13:12]} Bxc2 {[%clk 0:12:36]} 18. Qxc2
{[%clk 0:13:36]} b5 {[%clk 0:04:30]} 19. Bg5 {[%clk 0:06:36]} bxc4 {[%clk
0:03:26]} 20. Bxe7 {[%clk 0:06:59]} Nxe7 {[%clk 0:03:41]} 21. O-O-O {[%clk
0:05:30]} Nxe5 {[%clk 0:03:20]} 22. Ng5 {[%clk 0:04:32]} Nd3+ {[%clk 0:02:48]}
23. Rxd3 {[%clk 0:03:40]} cxd3 {[%clk 0:03:12]} 24. Qxd3 {[%clk 0:04:08]} Qf4+
{[%clk 0:02:39]} 25. Kb1 {[%clk 0:04:30]} g6 {[%clk 0:02:46]} 26. gxh5 {[%clk
0:04:49]} Qf5 {[%clk 0:02:58]} 27. Ne4 {[%clk 0:05:08]} Rfd8 {[%clk 0:02:34]} 28.
Qc2 {[%clk 0:05:29]} Kg7 {[%clk 0:02:07]} 29. hxg6 {[%clk 0:05:38]} fxg6 {[%clk
0:01:46]} 30. Rg1 {[%clk 0:05:16]} Rd5 {[%clk 0:01:32]} 31. Rg5 {[%clk 0:05:17]}
Qf4 {[%clk 0:01:31]} 32. Rg3 {[%clk 0:03:49]} Rad8 {[%clk 0:01:29]} 33. b4 {[%clk
0:03:01]} Rd1+ {[%clk 0:01:40]} 34. Kb2 {[%clk 0:03:29]} R1d2 {[%clk 0:01:49]}
0-1

[Event "Greek Team Championship"]
[Site "chess24.com"]
[Date "2017.07.04"]
[Round "3"]
[White "Petraki, Evaggelia"]
[Black "Tsolaki, Eleni"]
[Result "1-0"]
[Board "6"]
[WhiteElo "1939"]
[WhiteCountry "GRE"]
[WhiteFideId "4252756"]
[WhiteEloChange "5"]
[BlackElo "1766"]
[BlackCountry "GRE"]
[BlackFideId "4218892"]
[BlackEloChange "-5"]

1. e4 {[%clk 1:30:57]} c5 {[%clk 1:30:52]} 2. Nf3 {[%clk 1:31:22]} e6 {[%clk
1:31:16]} 3. d4 {[%clk 1:31:49]} cxd4 {[%clk 1:31:40]} 4. Nxd4 {[%clk 1:32:15]}
Nf6 {[%clk 1:32:06]} 5. Nc3 {[%clk 1:32:43]} d6 {[%clk 1:32:29]} 6. g4 {[%clk
1:33:05]} h6 {[%clk 1:32:56]} 7. h3 {[%clk 1:33:32]} Nc6 {[%clk 1:31:10]} 8. Bg2
{[%clk 1:33:33]} a6 {[%clk 1:29:31]} 9. O-O {[%clk 1:33:45]} Be7 {[%clk 1:28:23]}
10. Nxc6 {[%clk 1:19:06]} bxc6 {[%clk 1:28:15]} 11. e5 {[%clk 1:19:26]} Nd5
{[%clk 1:28:18]} 12. Nxd5 {[%clk 1:19:51]} cxd5 {[%clk 1:21:12]} 13. exd6 {[%clk
1:19:50]} Qxd6 {[%clk 1:19:42]} 14. c4 {[%clk 1:19:37]} Bb7 {[%clk 1:12:06]} 15.
cxd5 {[%clk 1:18:48]} Bxd5 {[%clk 1:03:56]} 16. Qa4+ {[%clk 1:15:49]} Qd7 {[%clk
1:01:28]} 17. Qxd7+ {[%clk 1:15:42]} Kxd7 {[%clk 1:01:57]} 18. Bxd5 {[%clk
1:15:42]} exd5 {[%clk 1:02:26]} 19. Rd1 {[%clk 1:15:56]} Kc6 {[%clk 1:01:28]} 20.
Bf4 {[%clk 1:15:29]} Rad8 {[%clk 0:40:57]} 21. Rac1+ {[%clk 1:15:49]} Kb5 {[%clk
0:41:19]} 22. Bc7 {[%clk 0:58:16]} Rd7 {[%clk 0:38:54]} 23. Rd4 {[%clk 0:56:38]}
Bc5 {[%clk 0:37:11]} 24. a4+ {[%clk 0:56:26]} Kc6 {[%clk 0:37:40]} 25. b4 {[%clk
0:56:47]} Kxc7 {[%clk 0:36:59]} 26. Rxc5+ {[%clk 0:57:06]} Kb6 {[%clk 0:36:28]}
27. Rcxd5 {[%clk 0:56:02]} Rxd5 {[%clk 0:36:09]} 28. Rxd5 {[%clk 0:56:31]} Rc8
{[%clk 0:35:41]} 29. Rd6+ {[%clk 0:52:31]} Rc6 {[%clk 0:28:32]} 30. Rd4 {[%clk
0:51:29]} Rc3 {[%clk 0:28:22]} 31. Kg2 {[%clk 0:49:45]} Ra3 {[%clk 0:27:39]} 32.
Rd6+ {[%clk 0:49:31]} Kb7 {[%clk 0:27:50]} 33. Rd7+ {[%clk 0:44:28]} Kc6 {[%clk
0:28:10]} 34. Rxf7 {[%clk 0:44:56]} Rxa4 {[%clk 0:28:34]} 35. Rxg7 {[%clk
0:45:22]} Rxb4 {[%clk 0:28:58]} 36. Rg6+ {[%clk 0:45:50]} Kb5 {[%clk 0:29:17]}
37. Rxh6 {[%clk 0:46:11]} a5 {[%clk 0:28:56]} 38. g5 {[%clk 0:44:17]} Rc4 {[%clk
0:25:52]} 39. Rh8 {[%clk 0:31:15]} a4 {[%clk 0:24:50]} 40. Ra8 {[%clk 1:01:07]}
Kb4 {[%clk 0:51:53]} 41. Kg3 {[%clk 0:57:08]} a3 {[%clk 0:51:17]} 42. f4 {[%clk
0:55:42]} Kb3 {[%clk 0:51:32]} 43. g6 {[%clk 0:51:09]} Rc1 {[%clk 0:50:31]} 44.
f5 {[%clk 0:46:46]} a2 {[%clk 0:49:03]} 45. Rxa2 {[%clk 0:45:56]} Kxa2 {[%clk
0:49:31]} 46. Kf4 {[%clk 0:46:20]} Rg1 {[%clk 0:47:01]} 47. h4 {[%clk 0:46:25]}
Kb3 {[%clk 0:46:15]} 48. h5 {[%clk 0:46:01]} Kc4 {[%clk 0:45:30]} 49. Ke5 {[%clk
0:45:58]} Re1+ {[%clk 0:44:14]} 50. Kf6 {[%clk 0:46:24]} Kd5 {[%clk 0:44:35]} 51.
g7 {[%clk 0:46:16]} Rg1 {[%clk 0:44:53]} 52. h6 {[%clk 0:46:04]} Ke4 {[%clk
0:43:13]} 53. h7 {[%clk 0:46:02]} 1-0

[Event "Greek Team Championship"]
[Site "chess24.com"]
[Date "2017.07.04"]
[Round "3"]
[White "Galani, Dimitra"]
[Black "Petraki, Argiro"]
[Result "1-0"]
[Board "7"]
[WhiteElo "1501"]
[WhiteCountry "GRE"]
[WhiteFideId "4283368"]
[WhiteEloChange "14"]
[BlackElo "1633"]
[BlackCountry "GRE"]
[BlackFideId "4252748"]
[BlackEloChange "-14"]

1. e4 {[%clk 1:30:54]} c5 {[%clk 1:30:58]} 2. Nf3 {[%clk 1:31:11]} Nc6 {[%clk
1:30:50]} 3. d4 {[%clk 1:31:24]} cxd4 {[%clk 1:31:17]} 4. Nxd4 {[%clk 1:31:49]}
g6 {[%clk 1:31:44]} 5. c4 {[%clk 1:32:09]} Bg7 {[%clk 1:32:12]} 6. Be3 {[%clk
1:32:33]} Nf6 {[%clk 1:32:38]} 7. Nc3 {[%clk 1:32:56]} O-O {[%clk 1:33:01]} 8. f3
{[%clk 1:32:51]} d6 {[%clk 1:33:25]} 9. Be2 {[%clk 1:32:40]} Bd7 {[%clk 1:33:21]}
10. O-O {[%clk 1:32:43]} Qb6 {[%clk 1:24:42]} 11. Na4 {[%clk 0:59:09]} Qa5 {[%clk
1:22:06]} 12. Nxc6 {[%clk 0:57:59]} Bxc6 {[%clk 1:19:03]} 13. Nc3 {[%clk
0:58:03]} Nd7 {[%clk 1:18:32]} 14. Qd2 {[%clk 0:57:19]} Rfc8 {[%clk 1:15:43]} 15.
Rac1 {[%clk 0:57:14]} a6 {[%clk 1:07:29]} 16. b3 {[%clk 0:56:00]} Nc5 {[%clk
1:02:48]} 17. Rc2 {[%clk 0:55:30]} Qd8 {[%clk 0:57:37]} 18. Rb1 {[%clk 0:55:27]}
Rab8 {[%clk 0:54:44]} 19. Bf1 {[%clk 0:35:29]} a5 {[%clk 0:47:02]} 20. Qf2 {[%clk
0:27:08]} Qe8 {[%clk 0:36:33]} 21. Rd1 {[%clk 0:23:31]} Na6 {[%clk 0:29:47]} 22.
Nd5 {[%clk 0:22:45]} Bxd5 {[%clk 0:28:14]} 23. cxd5 {[%clk 0:21:35]} Rxc2 {[%clk
0:28:21]} 24. Qxc2 {[%clk 0:21:56]} Nb4 {[%clk 0:27:57]} 25. Qc7 {[%clk 0:13:20]}
Nxa2 {[%clk 0:20:38]} 26. Qxa5 {[%clk 0:13:36]} Ra8 {[%clk 0:20:16]} 27. Qc7
{[%clk 0:12:49]} b5 {[%clk 0:20:13]} 28. Qb7 {[%clk 0:10:14]} Nc3 {[%clk
0:19:10]} 29. Rc1 {[%clk 0:10:22]} Ra3 {[%clk 0:13:11]} 30. b4 {[%clk 0:09:17]}
Bf6 {[%clk 0:09:22]} 31. Bd2 {[%clk 0:09:33]} Bd4+ {[%clk 0:08:06]} 32. Kh1
{[%clk 0:09:41]} Ra7 {[%clk 0:04:37]} 33. Qc6 {[%clk 0:09:15]} Qxc6 {[%clk
0:05:00]} 34. dxc6 {[%clk 0:09:40]} Na2 {[%clk 0:05:15]} 35. Rc2 {[%clk 0:09:33]}
Nxb4 {[%clk 0:03:00]} 36. c7 {[%clk 0:07:11]} Nxc2 {[%clk 0:01:36]} 37. c8Q+
{[%clk 0:07:35]} Kg7 {[%clk 0:02:04]} 38. Qxc2 {[%clk 0:07:50]} Ra1 {[%clk
0:02:31]} 39. Bc1 {[%clk 0:08:01]} b4 {[%clk 0:02:49]} 40. Bc4 {[%clk 0:36:35]}
f6 {[%clk 0:32:07]} 41. Qd2 {[%clk 0:34:37]} g5 {[%clk 0:29:07]} 42. h4 {[%clk
0:34:49]} h6 {[%clk 0:28:43]} 43. Kh2 {[%clk 0:35:03]} Be5+ {[%clk 0:29:09]} 44.
Kh3 {[%clk 0:33:39]} Bf4 {[%clk 0:29:21]} 45. Qd5 {[%clk 0:33:53]} 1-0

[Event "Greek Team Championship"]
[Site "chess24.com"]
[Date "2017.07.04"]
[Round "3"]
[White "Fidrilakis, Stavros"]
[Black "Paterakis, Emmanouil"]
[Result "1-0"]
[Board "8"]
[WhiteElo "1929"]
[WhiteCountry "GRE"]
[WhiteFideId "4277821"]
[WhiteEloChange "8"]
[BlackElo "1857"]
[BlackCountry "GRE"]
[BlackFideId "4259718"]
[BlackEloChange "-8"]

1. Nf3 {[%clk 1:30:57]} d6 {[%clk 1:30:34]} 2. d4 {[%clk 1:29:16]} Nf6 {[%clk
1:30:55]} 3. g3 {[%clk 1:28:00]} g6 {[%clk 1:29:58]} 4. Bg2 {[%clk 1:28:20]} Bg7
{[%clk 1:30:18]} 5. O-O {[%clk 1:28:44]} O-O {[%clk 1:30:36]} 6. c4 {[%clk
1:28:59]} Nbd7 {[%clk 1:30:54]} 7. Nc3 {[%clk 1:29:17]} e5 {[%clk 1:29:33]} 8. e4
{[%clk 1:29:29]} exd4 {[%clk 1:25:28]} 9. Nxd4 {[%clk 1:29:44]} Re8 {[%clk
1:24:40]} 10. h3 {[%clk 1:27:22]} Nc5 {[%clk 1:23:30]} 11. Re1 {[%clk 1:26:43]}
a5 {[%clk 1:20:48]} 12. f4 {[%clk 1:18:51]} c6 {[%clk 1:13:27]} 13. Kh2 {[%clk
1:12:39]} Qb6 {[%clk 1:08:35]} 14. Nb3 {[%clk 1:08:11]} Be6 {[%clk 1:06:07]} 15.
Be3 {[%clk 0:50:03]} Qb4 {[%clk 0:55:19]} 16. Nxc5 {[%clk 0:36:52]} dxc5 {[%clk
0:55:39]} 17. e5 {[%clk 0:34:58]} Red8 {[%clk 0:48:59]} 18. Qc1 {[%clk 0:33:03]}
Nd7 {[%clk 0:47:22]} 19. b3 {[%clk 0:32:25]} a4 {[%clk 0:33:43]} 20. Nxa4 {[%clk
0:31:07]} Bxc4 {[%clk 0:33:21]} 21. Bd2 {[%clk 0:30:47]} Qb5 {[%clk 0:24:33]} 22.
Nc3 {[%clk 0:31:09]} Qa6 {[%clk 0:21:58]} 23. bxc4 {[%clk 0:31:32]} Nb6 {[%clk
0:22:25]} 24. Ne4 {[%clk 0:30:08]} 1-0

[Event "Greek Team Championship"]
[Site "chess24.com"]
[Date "2017.07.04"]
[Round "3"]
[White "Triantafilidis, Mihail"]
[Black "Petrakis, Stylianos"]
[Result "1/2-1/2"]
[Board "9"]
[WhiteElo "1900"]
[WhiteCountry "GRE"]
[WhiteFideId "4282930"]
[WhiteEloChange "2"]
[BlackElo "1977"]
[BlackCountry "GRE"]
[BlackFideId "4252764"]
[BlackEloChange "-2"]

1. e4 {[%clk 1:30:15]} e6 {[%clk 1:30:30]} 2. d4 {[%clk 1:30:31]} d5 {[%clk
1:31:12]} 3. Nd2 {[%clk 1:30:56]} c5 {[%clk 1:31:21]} 4. Ngf3 {[%clk 1:31:21]}
Nc6 {[%clk 1:31:30]} 5. exd5 {[%clk 1:31:34]} exd5 {[%clk 1:31:51]} 6. dxc5
{[%clk 1:31:59]} Bxc5 {[%clk 1:31:51]} 7. Nb3 {[%clk 1:32:20]} Bd6 {[%clk
1:31:45]} 8. c3 {[%clk 1:32:37]} Nge7 {[%clk 1:26:27]} 9. Bd3 {[%clk 1:30:08]}
O-O {[%clk 1:21:36]} 10. O-O {[%clk 1:30:28]} Ng6 {[%clk 1:20:47]} 11. Bg5 {[%clk
1:26:26]} Nce7 {[%clk 1:15:56]} 12. Nbd4 {[%clk 1:18:15]} f6 {[%clk 1:13:46]} 13.
Be3 {[%clk 1:17:33]} Ne5 {[%clk 1:10:32]} 14. Bc2 {[%clk 1:17:20]} Rf7 {[%clk
1:01:26]} 15. h3 {[%clk 1:14:15]} Bd7 {[%clk 0:52:21]} 16. Nh4 {[%clk 1:03:43]}
g6 {[%clk 0:32:58]} 17. Nhf3 {[%clk 0:56:56]} Nc4 {[%clk 0:24:29]} 18. Bc1 {[%clk
0:57:04]} Qc7 {[%clk 0:22:32]} 19. Re1 {[%clk 0:56:30]} Ne5 {[%clk 0:20:45]} 20.
Bb3 {[%clk 0:56:13]} Bc6 {[%clk 0:17:29]} 21. Ne6 {[%clk 0:48:41]} Nxf3+ {[%clk
0:17:29]} 22. Qxf3 {[%clk 0:48:48]} Qd7 {[%clk 0:13:31]} 23. Nf4 {[%clk 0:44:05]}
Bc7 {[%clk 0:10:42]} 24. Ne6 {[%clk 0:42:54]} Be5 {[%clk 0:09:23]} 25. Nc5 {[%clk
0:43:04]} Qc7 {[%clk 0:07:52]} 26. Nd3 {[%clk 0:43:10]} Rd8 {[%clk 0:06:20]} 27.
Bf4 {[%clk 0:43:17]} Bb5 {[%clk 0:00:41]} 28. Nxe5 {[%clk 0:37:44]} fxe5 {[%clk
0:01:04]} 29. Rxe5 {[%clk 0:38:07]} Rdf8 {[%clk 0:00:35]} 30. Rxe7 {[%clk
0:38:28]} Qxe7 {[%clk 0:00:35]} 31. Bxd5 {[%clk 0:38:51]} g5 {[%clk 0:00:32]} 32.
Qg3 {[%clk 0:38:13]} h6 {[%clk 0:00:47]} 33. h4 {[%clk 0:36:50]} Kh7 {[%clk
0:00:39]} 34. Bxf7 {[%clk 0:37:01]} Qxf7 {[%clk 0:00:38]} 35. Be3 {[%clk
0:37:28]} gxh4 {[%clk 0:00:41]} 36. Qxh4 {[%clk 0:37:44]} Qg6 {[%clk 0:00:54]}
37. Re1 {[%clk 0:34:00]} Bc6 {[%clk 0:00:32]} 38. g3 {[%clk 0:34:15]} Re8 {[%clk
0:00:32]} 39. g4 {[%clk 0:15:41]} Re4 {[%clk 0:00:34]} 40. f3 {[%clk 0:44:53]}
Re6 {[%clk 0:30:45]} 41. g5 {[%clk 0:44:02]} Qf7 {[%clk 0:23:32]} 42. Qf2 {[%clk
0:24:41]} Qf5 {[%clk 0:11:07]} 43. Bd2 {[%clk 0:14:22]} Bxf3 {[%clk 0:07:02]} 44.
Rxe6 {[%clk 0:12:19]} Qg4+ {[%clk 0:07:25]} 45. Kf1 {[%clk 0:10:19]} Qh3+ {[%clk
0:07:49]} 46. Ke1 {[%clk 0:10:42]} Qh1+ {[%clk 0:07:48]} 47. Qf1 {[%clk 0:11:08]}
Qh4+ {[%clk 0:08:14]} 48. Qf2 {[%clk 0:11:30]} Qh1+ {[%clk 0:08:40]} 49. Qf1
{[%clk 0:11:49]} Qh4+ {[%clk 0:09:03]} 50. Qf2 {[%clk 0:12:10]} 1/2-1/2

[Event "Greek Team Championship"]
[Site "chess24.com"]
[Date "2017.07.04"]
[Round "3"]
[White "Tzagarakis, Panagiotis"]
[Black "Kalogridis, Antonios"]
[Result "0-1"]
[Board "10"]
[WhiteElo "1608"]
[WhiteCountry "GRE"]
[WhiteFideId "25806009"]
[WhiteEloChange "-13"]
[BlackElo "1492"]
[BlackCountry "GRE"]
[BlackFideId "25833901"]
[BlackEloChange "13"]

1. e4 {[%clk 1:30:58]} d6 {[%clk 1:30:45]} 2. d4 {[%clk 1:31:22]} Nf6 {[%clk
1:31:02]} 3. Nc3 {[%clk 1:31:47]} c6 {[%clk 1:31:14]} 4. Nf3 {[%clk 1:32:05]} Bg4
{[%clk 1:31:31]} 5. h3 {[%clk 1:32:27]} Bh5 {[%clk 1:31:47]} 6. Be2 {[%clk
1:32:48]} Nbd7 {[%clk 1:31:42]} 7. Bf4 {[%clk 1:24:16]} Qa5 {[%clk 1:31:03]} 8.
O-O {[%clk 1:17:02]} e5 {[%clk 1:30:50]} 9. Bh2 {[%clk 1:16:13]} Be7 {[%clk
1:30:26]} 10. dxe5 {[%clk 0:58:00]} dxe5 {[%clk 1:29:59]} 11. Nh4 {[%clk
0:56:01]} Bxe2 {[%clk 1:28:54]} 12. Qxe2 {[%clk 0:56:25]} O-O {[%clk 1:28:03]}
13. Nf5 {[%clk 0:56:34]} Bb4 {[%clk 1:28:07]} 14. Nd1 {[%clk 0:55:12]} Rfe8
{[%clk 1:28:21]} 15. Nde3 {[%clk 0:52:46]} Rad8 {[%clk 1:23:42]} 16. Ng4 {[%clk
0:49:24]} Bf8 {[%clk 1:23:11]} 17. Qf3 {[%clk 0:47:15]} Nxg4 {[%clk 1:21:42]} 18.
hxg4 {[%clk 0:46:00]} g6 {[%clk 1:21:34]} 19. Ne3 {[%clk 0:45:47]} Bg7 {[%clk
1:21:43]} 20. Bg3 {[%clk 0:45:25]} Nf8 {[%clk 1:21:31]} 21. Bh4 {[%clk 0:45:20]}
Rd7 {[%clk 1:21:43]} 22. g5 {[%clk 0:45:03]} Rd4 {[%clk 1:18:04]} 23. c3 {[%clk
0:44:58]} Rd3 {[%clk 1:18:16]} 24. Qe2 {[%clk 0:42:25]} Red8 {[%clk 1:18:33]} 25.
Nd5 {[%clk 0:41:53]} Qb5 {[%clk 1:17:26]} 26. a4 {[%clk 0:42:05]} Qa6 {[%clk
1:16:59]} 27. Nb4 {[%clk 0:41:22]} Rd2 {[%clk 1:16:59]} 28. Qxa6 {[%clk 0:39:16]}
bxa6 {[%clk 1:17:36]} 29. Nxc6 {[%clk 0:39:37]} R8d7 {[%clk 1:17:17]} 30. Rab1
{[%clk 0:39:41]} Ne6 {[%clk 1:16:36]} 31. Nb4 {[%clk 0:33:34]} Nc5 {[%clk
1:16:50]} 32. a5 {[%clk 0:31:58]} Nxe4 {[%clk 1:15:43]} 33. Nxa6 {[%clk 0:31:52]}
R2d6 {[%clk 1:15:48]} 34. Nb4 {[%clk 0:32:04]} Nd2 {[%clk 1:16:14]} 35. Nc2
{[%clk 0:26:57]} Nxb1 {[%clk 1:16:26]} 36. Rxb1 {[%clk 0:26:47]} Rd1+ {[%clk
1:16:48]} 37. Rxd1 {[%clk 0:27:01]} Rxd1+ {[%clk 1:17:17]} 38. Kh2 {[%clk
0:27:20]} Rb1 {[%clk 1:17:41]} 39. b4 {[%clk 0:27:04]} Rc1 {[%clk 1:18:08]} 40.
Na3 {[%clk 0:56:58]} Rxc3 {[%clk 1:48:30]} 41. Nb5 {[%clk 0:57:17]} Rb3 {[%clk
1:48:37]} 42. Nxa7 {[%clk 0:57:30]} Rxb4 {[%clk 1:48:59]} 43. f4 {[%clk 0:57:15]}
exf4 {[%clk 1:48:03]} 44. Bf2 {[%clk 0:57:02]} Ra4 {[%clk 1:47:19]} 45. Nc6
{[%clk 0:57:06]} Rc4 {[%clk 1:46:47]} 46. Nd8 {[%clk 0:55:45]} Bd4 {[%clk
1:46:09]} 47. Be1 {[%clk 0:55:52]} Bc3 {[%clk 1:46:33]} 48. Bxc3 {[%clk 0:55:40]}
Rxc3 {[%clk 1:46:56]} 49. Nb7 {[%clk 0:55:48]} Rc7 {[%clk 1:46:09]} 50. a6 {[%clk
0:55:07]} Rc6 {[%clk 1:45:41]} 51. a7 {[%clk 0:54:44]} Ra6 {[%clk 1:46:06]} 52.
Nc5 {[%clk 0:54:58]} Rxa7 {[%clk 1:46:30]} 53. Nd3 {[%clk 0:55:22]} Ra5 {[%clk
1:46:46]} 54. Nxf4 {[%clk 0:55:41]} Rxg5 {[%clk 1:47:10]} 55. Nh3 {[%clk
0:55:59]} Rh5 {[%clk 1:47:35]} 56. g4 {[%clk 0:56:12]} Rxh3+ {[%clk 1:48:01]} 57.
Kxh3 {[%clk 0:56:38]} f5 {[%clk 1:47:52]} 58. Kh4 {[%clk 0:56:41]} fxg4 {[%clk
1:48:16]} 59. Kxg4 {[%clk 0:57:07]} Kg7 {[%clk 1:48:37]} 60. Kg5 {[%clk 0:57:33]}
h5 {[%clk 1:49:01]} 61. Kh4 {[%clk 0:57:30]} Kf6 {[%clk 1:49:17]} 62. Kh3 {[%clk
0:57:56]} g5 {[%clk 1:48:57]} 63. Kg3 {[%clk 0:58:22]} Kf5 {[%clk 1:49:20]} 64.
Kf3 {[%clk 0:58:48]} h4 {[%clk 1:49:45]} 65. Kf2 {[%clk 0:59:11]} Kf4 {[%clk
1:50:09]} 66. Kg2 {[%clk 0:59:35]} g4 {[%clk 1:50:38]} 67. Kf2 {[%clk 0:59:59]}
g3+ {[%clk 1:50:55]} 68. Kg1 {[%clk 1:00:10]} Kf3 {[%clk 1:51:18]} 69. Kh1 {[%clk
1:00:29]} h3 {[%clk 1:51:41]} 70. Kg1 {[%clk 1:00:52]} g2 {[%clk 1:52:01]} 71.
Kh2 {[%clk 1:01:18]} Kf2 {[%clk 1:52:21]} 0-1

[Event "Greek Team Championship"]
[Site "chess24.com"]
[Date "2017.07.04"]
[Round "3"]
[White "Czarnota, Pawel"]
[Black "Istratescu, Andrei"]
[Result "1-0"]
[Board "1"]
[WhiteElo "2557"]
[WhiteTitle "GM"]
[WhiteCountry "POL"]
[WhiteFideId "1121219"]
[WhiteEloChange "6"]
[BlackElo "2593"]
[BlackTitle "GM"]
[BlackCountry "ROU"]
[BlackFideId "1200372"]
[BlackEloChange "-6"]

1. e4 {[%clk 1:30:56]} e5 {[%clk 1:29:29]} 2. Nf3 {[%clk 1:31:16]} Nf6 {[%clk
1:29:07]} 3. Nxe5 {[%clk 1:31:38]} d6 {[%clk 1:29:34]} 4. Nf3 {[%clk 1:32:00]}
Nxe4 {[%clk 1:30:02]} 5. Nc3 {[%clk 1:32:21]} Nxc3 {[%clk 1:30:24]} 6. dxc3
{[%clk 1:32:45]} Nc6 {[%clk 1:30:37]} 7. Bf4 {[%clk 1:33:06]} Be7 {[%clk
1:30:51]} 8. Qd2 {[%clk 1:33:28]} Be6 {[%clk 1:30:56]} 9. O-O-O {[%clk 1:33:42]}
Qd7 {[%clk 1:30:31]} 10. Kb1 {[%clk 1:33:42]} h6 {[%clk 1:16:54]} 11. Nd4 {[%clk
1:31:31]} Nxd4 {[%clk 1:15:06]} 12. cxd4 {[%clk 1:31:18]} c6 {[%clk 1:00:49]} 13.
h4 {[%clk 1:24:30]} O-O-O {[%clk 0:51:41]} 14. Bd3 {[%clk 1:23:57]} Kb8 {[%clk
0:48:38]} 15. Bg3 {[%clk 1:19:11]} Ka8 {[%clk 0:43:47]} 16. Rhe1 {[%clk 1:18:59]}
Rhe8 {[%clk 0:40:00]} 17. Be4 {[%clk 1:12:25]} d5 {[%clk 0:31:45]} 18. Bd3 {[%clk
1:12:46]} Bf5 {[%clk 0:31:43]} 19. c3 {[%clk 1:08:21]} Bxd3+ {[%clk 0:30:00]} 20.
Qxd3 {[%clk 1:08:45]} Bd6 {[%clk 0:29:53]} 21. Bxd6 {[%clk 1:08:39]} Qxd6 {[%clk
0:30:18]} 22. Qf5 {[%clk 1:08:05]} Re7 {[%clk 0:29:03]} 23. Kc2 {[%clk 1:03:39]}
Rde8 {[%clk 0:24:31]} 24. Kd2 {[%clk 1:00:34]} g6 {[%clk 0:21:08]} 25. Qxf7
{[%clk 0:58:10]} Rxf7 {[%clk 0:21:08]} 26. Rxe8+ {[%clk 0:58:30]} Qb8 {[%clk
0:18:44]} 27. Rxb8+ {[%clk 0:58:53]} Kxb8 {[%clk 0:19:11]} 28. f3 {[%clk
0:58:38]} Rf4 {[%clk 0:19:07]} 29. Rh1 {[%clk 0:58:57]} Kc7 {[%clk 0:19:33]} 30.
Ke3 {[%clk 0:59:19]} Rf8 {[%clk 0:19:56]} 31. f4 {[%clk 0:51:00]} h5 {[%clk
0:15:04]} 32. Kf3 {[%clk 0:51:19]} Re8 {[%clk 0:14:39]} 33. g4 {[%clk 0:51:19]}
hxg4+ {[%clk 0:14:33]} 34. Kxg4 {[%clk 0:51:44]} Re2 {[%clk 0:15:02]} 35. Kg5
{[%clk 0:51:06]} Rg2+ {[%clk 0:07:45]} 36. Kf6 {[%clk 0:51:10]} Kb6 {[%clk
0:06:58]} 37. f5 {[%clk 0:47:13]} gxf5 {[%clk 0:07:25]} 38. h5 {[%clk 0:47:36]}
f4 {[%clk 0:07:48]} 39. h6 {[%clk 0:47:47]} f3 {[%clk 0:08:11]} 40. h7 {[%clk
1:18:13]} f2 {[%clk 0:38:34]} 41. h8Q {[%clk 1:18:29]} Rg1 {[%clk 0:38:55]} 42.
Qh3 {[%clk 1:18:52]} 1-0